|
|
|
|
| LEADER |
00000nab a2200000 a 4500 |
| 001 |
vtls000840427 |
| 003 |
SK-MaSNL |
| 005 |
20260303204551.0 |
| 008 |
160324c2003 xo 0 slo |
| 015 |
|
|
|a SNBRB2003/07-19944
|
| 035 |
|
|
|a CLN000192082
|
| 040 |
|
|
|a SNKBUCL
|b slo
|c SNKBUCL
|e AACR2
|
| 041 |
0 |
|
|a slo
|
| 044 |
|
|
|a xo
|c SK
|
| 080 |
|
|
|a 354.61(437.1/.2)
|2 1997
|
| 100 |
1 |
|
|a Chorvatovič, Marek
|4 aut
|9 766424
|
| 245 |
1 |
0 |
|a Česko: Tvrdík hodil flintu do žita
|b pre škrty v armádnom rozpočte sa český minister obrany rozhodol ...
|c Marek Chorbvatovič
|
| 300 |
|
|
|b Fotogr.
|
| 600 |
1 |
7 |
|a Tvrdík, Jaroslav
|2 snkbucl
|9 1068951
|
| 610 |
1 |
7 |
|a Česko.
|b Ministerstvo obrany
|2 SNKKA
|9 235342
|
| 655 |
|
7 |
|a články z novín a časopisov
|2 snkbucl
|9 267496
|
| 773 |
0 |
|
|x 1335-440X
|t Sme
|g Roč. 11, č. 123 (30.5.2003), s. 12
|
| 850 |
|
|
|a Slovenská národná knižnica v Martine
|
| 852 |
|
|
|a SNK
|b KIS3GCP
|
| 958 |
|
|
|a CZ
|
| 958 |
|
|
|a RBX
|
| 999 |
|
|
|c 2190572
|d 2192502
|